Death Of A Salesman (Record no. 22119)

MARC details
000 -LEADER
fixed length control field 00530nam a22001937a 4500
003 - CONTROL NUMBER IDENTIFIER
control field OSt
005 - DATE AND TIME OF LATEST TRANSACTION
control field 20260514143000.0
008 - FIXED-LENGTH DATA ELEMENTS--GENERAL INFORMATION
fixed length control field 260514b |||||||| |||| 00| 0 eng d
020 ## - INTERNATIONAL STANDARD BOOK NUMBER
International Standard Book Number 0140481346
040 ## - CATALOGING SOURCE
Transcribing agency Chuka University Library
050 ## - LIBRARY OF CONGRESS CALL NUMBER
Classification number PS 3525 .M5 1949
100 ## - MAIN ENTRY--PERSONAL NAME
Personal name Miller, Arthur
9 (RLIN) 24630
245 ## - TITLE STATEMENT
Title Death Of A Salesman
260 ## - PUBLICATION, DISTRIBUTION, ETC.
Place of publication, distribution, etc. New York
Name of publisher, distributor, etc. Viking Compass Edition
Date of publication, distribution, etc. 1949
300 ## - PHYSICAL DESCRIPTION
Extent 139p
650 ## - SUBJECT ADDED ENTRY--TOPICAL TERM
Topical term or geographic name entry element American Literature-History And Criticism
9 (RLIN) 24631
700 ## - ADDED ENTRY--PERSONAL NAME
Personal name Elia Kazan
9 (RLIN) 24632
942 ## - ADDED ENTRY ELEMENTS (KOHA)
Source of classification or shelving scheme Library of Congress Classification
Koha item type Long Loan Books
Suppress in OPAC No
Holdings
Withdrawn status Lost status Source of classification or shelving scheme Damaged status Not for loan Collection Home library Current library Shelving location Date acquired Total Checkouts Full call number Barcode Date last seen Cost, replacement price Price effective from Koha item type
    Library of Congress Classification     General Collection Books Main Campus Library Main Campus Library General Stacks 14/05/2026   PS 3525 .M5 1949 31717/2026 14/05/2026 2709.00 14/05/2026 Long Loan Books

Powered by Koha